000 01497nam a2200373Ka 4500
999 _c2336
_d2336
001 19732462
003 OSt
005 20181011173142.0
008 891004m19871988miu 000 0 eng d
020 _a0801038286
_c(set)
020 _a0801038278
_c(Old Testament-3 v.)
020 _a0801038251
_c(New Testament-1 v.)
035 _a0629-92260
040 _cDLC
041 0 _aenggrcheb
082 _aREF 225.5
090 _aBS3.5
_b1987x
130 0 _aBible.
_lHebrew & Greek.
_f1987
245 1 4 _aThe pocket interlinear Bible /
_cJay P. Green, Sr., general editor and translator
260 _aGrand Rapids, Mich. :
_bBaker Book House,
_cc1987-1988
300 _a4 v. ;
_c18 cm
500 _aGreek and English
500 _aThe English translation in the side column, the King James II version, 4th ed. = A literal translation of the Bible; the Greek text of the New Testament by the Trinitarian Bible Society
500 _aOld Testament has title page: Pocket interlinear Old Testament
500 _aNew Testament has tit]e page: Pocket interlinear New Testament
500 _aVols. 1-3: Hebrew/English; vol. 4: Greek/English
500 _av. 1. Genesis-Ruth -- v. 2. I Samuel-Psalm 55 -- v. 3. Psalm 56- Malachi -- v. 4. Matthew-Revelation
630 0 0 _aBible
_xInterlinear translations
700 1 _aGreen, Jay P
730 0 0 _aBible.
_lEnglish.
_sGreen.
_f1987
740 0 1 _aPocket interlinear Old Testament
740 0 1 _aPocket interlinear New Testament
942 _2ddc
_cREF